Normal view
MARC view
- السواح،فراس
Entry Personal Name
001 - CONTROL NUMBER
- control field: 19218
003 - CONTROL NUMBER IDENTIFIER
- control field: JO-AjAnu
005 - DATE AND TIME OF LATEST TRANSACTION
- control field: 20230606073348.0
008 - FIXED-LENGTH DATA ELEMENTS
- fixed length control field: 230606|| aca||aabn | a|a d
040 ## - CATALOGING SOURCE
- Original cataloging agency: JO-AjAnu
- Transcribing agency: JO-AjAnu
100 ## - HEADING--PERSONAL NAME
- Personal name: السواح،فراس
670 ## - SOURCE DATA FOUND
- Source citation: Work cat.: (JO-AjAnu)9864: السواح،فراس, author, دين الإنسان: بحث في ماهية الدين ومنشأ الدافع الديني